Wrong & Too Long Book Titles Quiz Stats

 Plays Quiz Updated Apr 24, 2013

Also try: Books Half Off!
Challenge
Share
Tweet
Embed
Score 0/20 Timer 04:00
2 Plays Today
Wrong & Too Long Correct Title % Correct
Dirk Kite, the RunnerThe Kite Runner
93%
Elephants for Clean WaterWater for Elephants
92.8%
In Time You're a WrinkleA Wrinkle in Time
92.6%
Remember to Take a WalkA Walk to Remember
84.8%
Fire the Girl Who Played with MadoffThe Girl Who Played with Fire
84.1%
Blood in Cold SpaghettiIn Cold Blood
82.4%
Time to Kill a LawyerA Time to Kill
79.9%
View a Room with a TelescopeA Room with a View
74.1%
Go Alice, Ask MomGo Ask Alice
74%
Club Joy for the LuckThe Joy Luck Club
72%
Wrong & Too Long Correct Title % Correct
Cedars Falling on Professor SnowSnow Falling on Cedars
60.9%
Shipping the News FedExThe Shipping News
55%
Dance, Go Go Dog!!Go, Dog! Go!
54.6%
A Long History of Nearly Everything ShortA Short History of Nearly Everything
53.1%
Owen Tries Prayer for a MeanyA Prayer for Owen Meany
50.2%
For Water Buffalo Like ChocolateLike Water for Chocolate
48.7%
The Beloved Country Singers CryCry, the Beloved Country
47%
The Spirits of the Moonshine HouseThe House of the Spirits
42.8%
Miss Prime Beef, Jean of the BrodieThe Prime of Miss Jean Brodie
37.1%
One Pretty Day, Me Talk DirtyMe Talk Pretty One Day
33.7%

You're not logged in!

Compare scores with friends on all Sporcle quizzes.
OR
Log In

You Might Also Like...

Show Comments

Extras

Top Quizzes Today


Score Distribution

Your Account Isn't Verified!

In order to create a playlist on Sporcle, you need to verify the email address you used during registration. Go to your Sporcle Settings to finish the process.

Report this User

Report this user for behavior that violates our Community Guidelines.

Details: